Wine Dishes - Sudden Death - Statistics

General Stats
  • This quiz has been taken 65 times
  • The average score is 6 of 16
Answers on the Grid
Answers color-coded by a green-red scale on the quiz's grid according to % correct below.
Coq au vin
Beef bourguignon
Civet de cerf
Tournedos Rossini
Moules marinières
Chicken chasseur
Rabbit cacciatore
Osso buco
Risotto
Chicken marsala
Hasenpfeffer
Oeufs en meurette
Zürcher Geschnetzeltes
Fondue
Torta envinada
Pears in wine
Tarte au citron
Bananas Foster
Veal Milanese
Deviled eggs
Fettuccine Alfredo
Øllebrød
Corn dog
Flemish stew
Greek salad
Philly cheesesteak
Bistecca alla fiorentina
Mafé
 
Answer Stats
Answer % Correct
Coq au vin
72%
Pears in wine
70%
Beef bourguignon
65%
Moules marinières
47%
Risotto
44%
Chicken chasseur
42%
Tournedos Rossini
42%
Chicken marsala
40%
Osso buco
35%
Rabbit cacciatore
33%
Fondue
23%
Civet de cerf
21%
Torta envinada
21%
Oeufs en meurette
19%
Hasenpfeffer
9%
Zürcher Geschnetzeltes
9%
No matching quizzes found
Score Distribution
Percent of People with Each Score
Percentile by Number Answered
Your Score History
You have not taken this quiz